Datum a čas kvízu
23.5
Celkem bodů
Celkový počet nahraných bodů na tomto kvízu bez doplňovacích otázek.
10.
Pořadí na kvízu
Konečné umístění týmu na tomto kvízu.
Zaznamenané odpovědi
| # | Otázka | Odpověď | Body | Výsledky |
|---|---|---|---|---|
| 1. | Který český politik během svéh... | Petr Pavel | 1 | |
| 2. | Ve čtvrtek krátce po půlnoci s... | Artemis II | 1 | |
| 3. | Která světově proslulá zpěvačk... | Céline Dion | 1 | |
| 4. | Jistá firma v pondělí oznámila... | Kit Kat | 0 | |
| 5. | „Všichni už jsou v Mexiku, Bue... | 3:1 | 0 | |
| 6. | Vítězné téma facebookového hla... | 1D 2C 3A 4B | 1 | |
| 7. | Ve Formuli 1 můžeme občas zazn... | A | 1 | |
| 8. | Velká cena Monaka 1996 drží je... | 3 piloti (uznáváme 2 až 4) | 0 | |
| 9. | Tato stáj působila ve Formuli... | Brawn GP | 1 | |
| 10. | Ve kterém státě se nachází záv... | v Mexiku | 1 |